000
00225nam a22001097a 4500
082
_a
516 BIN'G
100
_a
BINNS, H
_9
15657
245
_a
GEOMETRICAL DRAWING
260
_a
LONDON
_b
EUP
_c
1958
300
_a
145P
942
_c
BK
999
_c
569710
_d
569710